00814cam a2200229 a 4500020003200000040000800032082002600040100002500066245002300091250001400114260003500128300005800163500002000221650002200241700002000263700002200283856006400305856005600369942000700425999001700432952013500449 a0072402466 (acidfree paper) cDLC00a550 MCG 2003 A031 Or.1 aPlummer, Charles C.,10aPhysical geology / a9th ed. / aBoston :bMcGraw-Hill,cc2003. axviii, 574 p. :bill. (some col.), col. maps ; 29 cm. aIncludes index. 0aPhysical geology.1 aMcGeary, David.1 aCarlson, Diane H.42uhttp://www.loc.gov/catdir/description/mh021/2001044741.html41uhttp://www.loc.gov/catdir/toc/mh021/2001044741.html cEK c11932d11932 0010406550_000000000000000_MCG_2003_A028_OR70960785aLBAbLBAcA028d2017-08-08o550 MCG 2003 A028 Or.pA13855r2017-08-08yEK